000 00217nam a22000857a 4500
008 170614b xxu||||| |||| 00| 0 eng d
100 _aPrakash. S
_93314
245 _aSocial science class -X
260 _aNew delhi
_bA. B
_c2010
999 _c6790
_d6790